000 01044nam a2200229Ia 4500
003 OSt
005 20250920103133.0
008 210719s2005 xx 000 0 und d
040 _cAL
041 _aTulu
082 _aT894.2 AMRT
100 _aAMRATA SOMESHVARA
_9139505
_dಅಮೃತ ಸೋಮೇಶ್ವರ
245 _aTulu natyarupakolu: Bama kumare, eluver deyyar, tuluvala baliyendre, satyanapurotta siri
_bತುಳು ನಾಟ್ಯರೂಪಕೊಲು : ಬಾಮಕುಮಾರೆ, ಎಳುವೇರ್ ದೆಯ್ಯಾರ್, ತುಳುವಾಲ ಬಲಿಯೇಂದ್ರೆ , ಸತ್ಯನಾಪುರೊತ್ತ ಸಿರಿ
260 _aKinnigoli
_bYugapurusha Prakatanalaya
_c2005
300 _avi,72
_bPB
365 _b40
_cRs
440 _aYugapurusha granthamale;384
_9139506
650 _aTulu Drama
_9139507
650 _aTulu Literature
_9139508
906 _abaliyendre ; baliyendre, ; Bama ; deyyar, ; eluver ; kumare, ; natyarupakolu ; satyanapurotta ; siri ; Tulu ; tuluvala
942 _2ddc
_cBK
999 _c214710
_d214710